00249nam a2200109Ia 4500008004100000100001900041245002200060260001700082650001600099942000700115999001700122190216s9999||||xx |||||||||||||| ||und|| aSanthi Narayan 0aIntegral Calculus bS Chand & Co aMathematics cBK c30674d30674